[Event "Turkish Super League 2019"]
[Site "Konya"]
[Date "2019.07.17"]
[Round "1"]
[White "Rakhmanov, Aleksandr"]
[Black "Mamedov, Rauf"]
[Result "1/2-1/2"]
[WhiteElo "2615"]
[BlackElo "2650"]
[Annotator "TA"]
[PlyCount "48"]
[EventDate "2019.07.17"]
[EventType "team-tourn"]
[EventCountry "TUR"]
[SourceTitle "playchess.com"]
[Source "ChessBase"]
[SourceQuality "1"]

{[%evp 12,48,15,0,35,37,27,20,17,-5,0,-22,-37,-31,0,-44,-50,-65,-53,-59,-19,-11,-12,-22,0,-26,-12,-31,-19,-82,-76,-79,-87,-72,0,-79,0,-77,0]} 1. d4 Nf6 2. Nf3 g6 3. g3 Bg7 4. Bg2 d5 5. O-O O-O 6. c4 c6 7. Qa4 b5 {D78: Fianchetto Grünfeld: 6 0-0 c6} (7... Nbd7 8. cxd5 Nb6 9. Qd1 cxd5 10. b3 Ne4 11. Bb2 Bf5 12. Nc3 Rc8 13. Rc1 Qd7 14. e3 Bg4 15. Qd3 Bf5 16. Qe2 Bg4 17. Qd3 Bf5 18. Qe2 Bg4 {½-½ (18) Vidit,S (2695)-Shankland,S (2725) Wijk aan Zee 2019}) 8. cxb5 cxb5 9. Qb3 a5 {The position is equal.} 10. Ne5 e6 11. Nd2 $146 ({Predecessor:} 11. Bf4 Qb6 12. Rd1 Nc6 13. Nxc6 Qxc6 14. Nd2 Qb6 15. Be5 {1-0 (53) Csom,I (2540)-Xie,J (2480) Budapest 1992}) 11... Qb6 12. Ndf3 Ba6 13. Bg5 Ne4 {aiming for ...a4.} 14. Be3 b4 15. Rfe1 f6 16. Nd3 $1 Nc6 17. Rac1 Rfc8 18. Nf4 {[#] Strongly threatening Nxd5!} Ne7 19. Bh3 f5 $1 {Hoping for ...g5.} 20. Nd3 (20. Bg2 $11 {keeps the balance.}) 20... Bc4 $36 {[%mdl 2048] Black is on the roll.} 21. Qa4 Bb5 22. Qb3 Bc4 23. Qa4 Bb5 24. Qb3 Bc4 {Accuracy: White = 27%, Black = 64%.} ({Better is} 24... Nc6 $17 25. a4 Bc4) 1/2-1/2

[Event "Turkish Super League 2019"]
[Site "Konya"]
[Date "2019.07.17"]
[Round "1"]
[White "Romanov, Evgeny"]
[Black "Can, Emre"]
[Result "1/2-1/2"]
[WhiteElo "2582"]
[BlackElo "2595"]
[Annotator "ChessBase"]
[PlyCount "131"]
[EventDate "2019.07.17"]
[EventType "team-tourn"]
[EventCountry "TUR"]
[SourceTitle "playchess.com"]
[Source "ChessBase"]
[SourceQuality "1"]
[TimeControl "40/5400+30:1800+30"]

1. e4 c5 2. Nf3 e6 3. d4 cxd4 4. Nxd4 Nc6 5. Nc3 Qc7 6. g3 a6 7. Bg2 Nf6 8. O-O Bc5 9. Nxc6 dxc6 10. Na4 Ba7 11. c4 e5 12. c5 Be6 13. Qc2 h5 14. f4 h4 15. f5 Bd7 16. b4 hxg3 17. hxg3 a5 18. Rb1 axb4 19. Rxb4 Rd8 20. Bf3 Bc8 21. Be3 Qe7 22. Kg2 Kf8 23. Rbb1 g6 24. Rh1 Kg7 25. g4 gxf5 26. gxf5 Rdg8 27. Nb6 Bxf5 28. exf5 e4 {[%emt 1:33:07]} 29. Bd4 {[%emt 1:36:16]} Bxb6 {[%emt 0:01:24]} 30. cxb6 {[%emt 0:05:34]} Qd6 {[%emt 0:00:23]} 31. Qc5 {[%emt 0:02:43]} Qxc5 {[%emt 0:04:11]} 32. Bxc5 {[%emt 0:00:03]} Rxh1 {[%emt 0:01:57]} 33. Rxh1 {[%emt 0:01:01]} Nd7 {[%emt 0:01:26]} 34. Bd4+ {[%emt 0:00:58]} Kf8+ {[%emt 0:00:08]} 35. Kf2 {[%emt 0:00:14]} exf3 {[%emt 0:00:03]} 36. f6 {[%emt 0:00:20]} c5 {[%emt 0:02:10]} 37. Be3 {[%emt 0:00:31]} Ke8 {[%emt 0:00:51]} 38. Kxf3 {[%emt 0:00:17]} Nxf6 {[%emt 0:00:47]} 39. Bxc5 {[%emt 0:00:30]} Kd7 {[%emt 0:00:33]} 40. Bd4 {[%emt 0:00:00]} Rg6 {[%emt 0:00:00]} 41. a4 {[%emt 0:03:03]} Nd5 {[%emt 0:05:30]} 42. a5 {[%emt 0:01:30]} Nb4 {[%emt 0:00:30]} 43. Bc3 {[%emt 0:01:30]} Nd5 {[%emt 0:01:30]} 44. Bd4 {[%emt 0:03:30]} Nb4 {[%emt 0:00:00]} 45. Rh7 {[%emt 0:01:30]} Ke6 {[%emt 0:01:00]} 46. Bc3 {[%emt 0:00:30]} Na6 {[%emt 0:02:30]} 47. Rh8 {[%emt 0:01:30]} Kd5 {[%emt 0:01:30]} 48. Rf8 {[%emt 0:03:00]} Rc6 {[%emt 0:01:30]} 49. Bd2 {[%emt 0:01:01]} Rf6+ {[%emt 0:01:30]} 50. Ke2 {[%emt 0:00:49]} Re6+ {[%emt 0:01:30]} 51. Kf3 {[%emt 0:00:30]} Re7 {[%emt 0:00:30]} 52. Bg5 {[%emt 0:01:04]} Rd7 {[%emt 0:00:30]} 53. Rc8 {[%emt 0:00:43]} Rd6 {[%emt 0:02:52]} 54. Bf4 {[%emt 0:01:30]} Rc6 {[%emt 0:00:17]} 55. Rd8+ {[%emt 0:01:08]} Ke6 {[%emt 0:02:20]} 56. Ra8 {[%emt 0:00:55]} Rc3+ {[%emt 0:03:22]} 57. Ke2 {[%emt 0:04:16]} Kd7 {[%emt 0:00:46]} 58. Rxa6 {[%emt 0:04:38]} bxa6 {[%emt 0:00:10]} 59. b7 {[%emt 0:00:00]} Rb3 {[%emt 0:00:31]} 60. b8=Q {[%emt 0:00:17]} Rxb8 {[%emt 0:00:30]} 61. Bxb8 {[%emt 0:00:00]} f5 {[%emt 0:00:00]} 62. Kd3 {[%emt 0:01:03]} f4 {[%emt 0:00:00]} 63. Bxf4 {[%emt 0:00:30]} Kc6 {[%emt 0:00:30]} 64. Kc4 {[%emt 0:00:00]} Kb7 {[%emt 0:00:00]} 65. Kc5 {[%emt 0:00:00]} Ka8 {[%emt 0:00:00]} 66. Kb6 {[%emt 0:00:00]} 1/2-1/2

[Event "Turkish Super League 2019"]
[Site "Konya"]
[Date "2019.07.17"]
[Round "1"]
[White "Rasulov, Vugar"]
[Black "Annaberdiev, Meilis"]
[Result "1-0"]
[WhiteElo "2534"]
[BlackElo "2515"]
[Annotator "ChessBase"]
[PlyCount "113"]
[EventDate "2019.07.17"]
[EventType "team-tourn"]
[EventCountry "TUR"]
[SourceTitle "playchess.com"]
[Source "ChessBase"]
[SourceQuality "1"]
[TimeControl "40/5400+30:1800+30"]

1. d4 Nf6 2. c4 e6 3. Nc3 Bb4 4. e3 O-O 5. Nge2 c6 6. a3 Ba5 7. c5 d5 8. cxd6 Qxd6 9. b4 Bc7 10. g3 e5 11. Bg2 Re8 12. O-O e4 13. Nf4 Qe7 14. Ra2 Bg4 15. f3 exf3 16. Bxf3 Bxf3 17. Qxf3 Nbd7 18. Rc2 Bxf4 19. Qxf4 Nf8 20. Qf3 Qd7 21. Qf5 Re7 22. Qxd7 Rxd7 23. a4 Re8 24. Rf5 a6 25. b5 cxb5 26. axb5 Rc7 27. bxa6 bxa6 28. Rc5 Ne6 29. Rxc7 Nxc7 30. Kg2 h5 31. Ra2 Re6 32. Kf3 Rc6 33. Bd2 g6 {[%emt 1:42:41]} 34. e4 {[%emt 1:28:25]} Rc4 {[%emt 0:00:30]} 35. Ra4 {[%emt 0:00:30]} Rxa4 {[%emt 0:00:30]} 36. Nxa4 {[%emt 0:00:30]} Nd7 {[%emt 0:00:00]} 37. Bf4 {[%emt 0:03:38]} Ne6 {[%emt 0:01:20]} 38. d5 {[%emt 0:00:31]} Nxf4 {[%emt 0:00:44]} 39. gxf4 {[%emt 0:00:30]} f6 {[%emt 0:00:00]} 40. Ke3 {[%emt 0:00:00]} Kf7 {[%emt 0:00:00]} 41. Kd4 {[%emt 0:00:26]} g5 {[%emt 0:06:45]} 42. fxg5 {[%emt 0:03:30]} Ne5 {[%emt 0:00:30]} 43. gxf6 {[%emt 0:00:30]} Kxf6 {[%emt 0:00:30]} 44. h3 {[%emt 0:01:30]} h4 {[%emt 0:00:30]} 45. Nc5 {[%emt 0:07:30]} Nf3+ {[%emt 0:00:30]} 46. Ke3 {[%emt 0:00:30]} Ng5 {[%emt 0:00:30]} 47. d6 {[%emt 0:00:00]} a5 {[%emt 0:01:30]} 48. Kd4 {[%emt 0:02:00]} a4 {[%emt 0:00:30]} 49. e5+ {[%emt 0:02:30]} Kf7 {[%emt 0:00:30]} 50. Kc4 {[%emt 0:01:30]} a3 {[%emt 0:03:30]} 51. Kb3 {[%emt 0:00:30]} Nf3 {[%emt 0:00:30]} 52. e6+ {[%emt 0:00:30]} Kf6 {[%emt 0:00:30]} 53. e7 {[%emt 0:01:30]} Nd4+ {[%emt 0:00:30]} 54. Ka2 {[%emt 0:00:30]} Kf7 {[%emt 0:00:30]} 55. Ne4 {[%emt 0:01:30]} Nf5 {[%emt 0:01:30]} 56. Kxa3 {[%emt 0:00:30]} Nxe7 {[%emt 0:00:30]} 57. Ng5+ {[%emt 0:00:00]} 1-0

[Event "Turkish Super League 2019"]
[Site "Konya"]
[Date "2019.07.17"]
[Round "1"]
[White "Visakh N R"]
[Black "Saric, Ivan"]
[Result "1/2-1/2"]
[WhiteElo "2526"]
[BlackElo "2681"]
[Annotator "TA"]
[PlyCount "100"]
[EventDate "2019.07.17"]
[EventType "team-tourn"]
[EventCountry "TUR"]
[SourceTitle "playchess.com"]
[Source "ChessBase"]
[SourceQuality "1"]

{[%evp 17,100,22,22,8,24,0,33,35,40,20,27,22,36,33,33,31,31,34,36,31,31,30,46,28,29,22,24,0,0,0,0,0,0,0,14,-22,-22,-22,0,-1,-1,-1,-1,-15,-15,-22,-1,-1,-2,-22,-22,-22,-22,-22,-22,-22,-22,-22,-22,-22,-22,-22,-22,-22,-22,-22,-22,-22,-22,-22,-22,-22,0,-22,-22,-22,-22,-22,-22,-22,-22,-22,-22,-22,-22]} 1. d4 Nf6 2. Nf3 g6 3. g3 c6 4. Bg2 d5 5. O-O Bg7 6. Nbd2 $146 ({Predecessor:} 6. b3 O-O 7. c4 Bf5 8. Bb2 Ne4 {½-½ (11) Vorobiov,E (2564)-Malakhatko,V (2499) Lueneburg 2018}) 6... O-O 7. c4 Bf5 8. b3 Ne4 9. Bb2 Qa5 10. Nxe4 {D78: Fianchetto Grünfeld: 6 0-0 c6} Bxe4 11. e3 Qa6 12. Qe2 {White is slightly better.} Nd7 13. Rfc1 e6 14. Bf1 (14. Bh3 {is more complex.} h5 15. a4 Rfd8 16. Bf1 Qa5 17. Nd2) 14... Bxf3 15. Qxf3 {[#] aiming for cxd5.} Qb6 16. Qe2 a5 17. Rab1 Rfe8 18. Bg2 h5 19. Bc3 Qa6 20. Rc2 Nf6 21. Be1 Bf8 22. cxd5 (22. Qf3 {keeps more tension.} Kg7 23. c5 Qd3 24. Rbc1 Be7 25. b4) 22... Qxe2 {The position is equal.} 23. Rxe2 exd5 24. a4 g5 25. Rc2 g4 26. h4 Bb4 27. Bf1 Kf8 28. Bd3 Ke7 29. Kg2 Kd6 30. Bd2 Kc7 31. Rf1 Bxd2 (31... Re7 {is interesting.} 32. Ra1 Bxd2 33. Rxd2 Ne8 34. Rb1 Nd6) 32. Rxd2 Re7 33. Rb2 Ne8 34. Rc1 Nd6 35. Rbc2 f5 36. Rc5 {[#] Threatens to win with Rxd5.} Kb6 37. Rb1 Rf7 38. Rb2 Kc7 39. Rbc2 {Hoping for Rxd5.} Kd7 40. Rc1 Rff8 41. R5c2 Rf6 42. Kf1 Ne4 43. Kg2 Raf8 44. Rb1 Kc7 45. Rbc1 R6f7 46. Kg1 Kd6 47. Rb1 Ra8 48. Kg2 Rc7 49. Rbc1 Rac8 50. Kf1 Rf8 {Accuracy: White = 43%, Black = 74%.} 1/2-1/2

[Event "Turkish Super League 2019"]
[Site "Konya"]
[Date "2019.07.17"]
[Round "1"]
[White "Moiseenko, Vadim"]
[Black "Benidze, Davit"]
[Result "1-0"]
[WhiteElo "2523"]
[BlackElo "2469"]
[Annotator "ChessBase"]
[PlyCount "67"]
[EventDate "2019.07.17"]
[EventType "team-tourn"]
[EventCountry "TUR"]
[SourceTitle "playchess.com"]
[Source "ChessBase"]
[SourceQuality "1"]
[TimeControl "40/5400+30:1800+30"]

1. c4 Nf6 2. Nc3 g6 3. d4 Bg7 4. e4 d6 5. h3 O-O 6. Be3 c5 7. Nge2 cxd4 8. Nxd4 b6 9. g4 Bb7 10. Bg2 Nc6 11. Nde2 e6 12. O-O Qe7 13. Qd2 Rfd8 14. Bg5 Rd7 15. Qf4 Rc8 16. Rad1 Ba8 17. b3 a6 18. Na4 Rb8 19. Qe3 Rdb7 20. e5 Nxe5 21. f4 Ned7 22. Bxb7 Rxb7 23. f5 Rb8 24. Bf4 e5 25. Nac3 Nc5 26. Bg5 b5 27. fxg6 hxg6 28. Nf4 bxc4 29. Nfd5 Nxd5 30. Nxd5 Qe6 31. Nf6+ Kf8 32. Bh6 cxb3 33. Nh7+ Kg8 34. Bxg7 1-0

[Event "Turkish Super League 2019"]
[Site "Konya"]
[Date "2019.07.17"]
[Round "1"]
[White "Asadli, Vugar"]
[Black "Lobanov, Sergei"]
[Result "1-0"]
[WhiteElo "2502"]
[BlackElo "2505"]
[Annotator "ChessBase"]
[PlyCount "73"]
[EventDate "2019.07.17"]
[EventType "team-tourn"]
[EventCountry "TUR"]
[SourceTitle "playchess.com"]
[Source "ChessBase"]
[SourceQuality "1"]
[TimeControl "40/5400+30:1800+30"]

1. e4 c6 2. d4 d5 3. Nc3 dxe4 4. Nxe4 Bf5 5. Ng3 Bg6 6. h4 h6 7. Nf3 Nd7 8. h5 Bh7 9. Bd3 Bxd3 10. Qxd3 e6 11. Bd2 Ngf6 12. O-O-O Be7 13. Ne4 O-O 14. Kb1 c5 15. Nxf6+ Nxf6 16. g4 Nxg4 17. Qe2 cxd4 18. Rhg1 d3 19. cxd3 f5 20. Qxe6+ Kh8 21. d4 {[%emt 0:07:30]} Rf6 {[%emt 0:56:30]} 22. Qe2 {[%emt 0:04:30]} Ra6 {[%emt 0:04:30]} 23. Bc3 {[%emt 0:09:30]} Bf6 {[%emt 0:04:30]} 24. Ne5 {[%emt 0:02:30]} Qd5 {[%emt 0:00:30]} 25. b3 {[%emt 0:07:30]} Rc8 {[%emt 0:01:30]} 26. Bb2 {[%emt 0:03:30]} Bg5 {[%emt 0:07:30]} 27. f4 {[%emt 0:10:30]} Bf6 {[%emt 0:17:59]} 28. Qd3 {[%emt 0:11:30]} Rd8 {[%emt 0:05:15]} 29. Rde1 {[%emt 0:05:30]} Nxe5 {[%emt 0:03:37]} 30. fxe5 {[%emt 0:00:30]} Qa5 {[%emt 0:00:39]} 31. exf6 {[%emt 0:03:30]} Qxa2+ {[%emt 0:00:04]} 32. Kc1 {[%emt 0:00:30]} Rc8+ {[%emt 0:00:13]} 33. Kd1 {[%emt 0:00:00]} Rxf6 {[%emt 0:01:22]} 34. Rg2 {[%emt 0:01:00]} f4 {[%emt 0:02:11]} 35. Re7 {[%emt 0:01:30]} Rg8 {[%emt 0:00:03]} 36. d5 {[%emt 0:00:00]} f3 {[%emt 0:00:09]} 37. Rgxg7 {[%emt 0:00:00]} 1-0

[Event "Turkish Super League 2019"]
[Site "Konya"]
[Date "2019.07.17"]
[Round "1"]
[White "Quparadze, Giga"]
[Black "Haznedaroglu, Kivanc"]
[Result "1/2-1/2"]
[WhiteElo "2499"]
[BlackElo "2448"]
[Annotator "ChessBase"]
[PlyCount "150"]
[EventDate "2019.07.17"]
[EventType "team-tourn"]
[EventCountry "TUR"]
[SourceTitle "playchess.com"]
[Source "ChessBase"]
[SourceQuality "1"]
[TimeControl "40/5400+30:1800+30"]

1. e4 e5 2. Nf3 Nf6 3. Nxe5 d6 4. Nf3 Nxe4 5. d4 d5 6. Bd3 Nc6 7. O-O Be7 8. c4 Nf6 9. Nc3 O-O 10. Bg5 Bg4 11. Bxf6 Bxf6 12. Nxd5 Nxd4 13. Nxf6+ Qxf6 14. Bxh7+ Kxh7 15. Qxd4 Qxd4 16. Nxd4 Rad8 17. Nb3 b6 18. f3 Be6 19. Rac1 a5 20. Rf2 Rd3 21. Nd2 Rfd8 22. Ne4 f6 23. b3 a4 24. Nc3 axb3 25. axb3 c6 26. Re2 Bg8 27. Kf2 b5 28. cxb5 cxb5 29. Nxb5 Rxb3 30. Nc3 Rc8 31. Rec2 Ra3 32. Ne2 Rxc2 33. Rxc2 Ra2 34. Rc7 Kh6 35. Ke3 Bh7 36. h4 Bg8 37. Rc8 Kh7 38. h5 Ra3+ 39. Ke4 Ra5 40. Nf4 Re5+ 41. Kd4 Bf7 42. g4 Re7 43. Rd8 Kh6 44. Nh3 Be8 45. Ra8 Kh7 46. Ra6 Bb5 47. Ra3 Kh6 48. Nf4 Re1 49. Ng2 Rd1+ 50. Ke3 f5 51. Ra5 Rb1 52. gxf5 Kg5 53. Ra7 Kf6 54. Kf4 Rb4+ 55. Kg3 Rb3 56. Nf4 Bd3 {[%emt 2:07:00]} 57. Nxd3 {[%emt 1:05:30]} Rxd3 {[%emt 0:00:30]} 58. Kg4 {[%emt 0:04:30]} Rd1 {[%emt 0:02:55]} 59. Ra6+ {[%emt 0:00:30]} Kf7 {[%emt 0:00:30]} 60. h6 {[%emt 0:00:00]} gxh6 {[%emt 0:00:00]} 61. Rxh6 {[%emt 0:00:00]} Rg1+ {[%emt 0:00:06]} 62. Kf4 {[%emt 0:00:00]} Ra1 {[%emt 0:00:08]} 63. Re6 {[%emt 0:00:00]} Ra4+ {[%emt 0:00:37]} 64. Re4 {[%emt 0:00:30]} Ra1 {[%emt 0:00:35]} 65. Rb4 {[%emt 0:00:30]} Kf6 {[%emt 0:00:09]} 66. Rb6+ {[%emt 0:00:30]} Kf7 {[%emt 0:00:00]} 67. Rh6 {[%emt 0:00:00]} Rg1 {[%emt 0:01:00]} 68. Rh4 {[%emt 0:00:00]} Kf6 {[%emt 0:00:46]} 69. Rg4 {[%emt 0:00:30]} Ra1 {[%emt 0:00:14]} 70. Rg6+ {[%emt 0:00:30]} Kf7 {[%emt 0:00:00]} 71. Rb6 {[%emt 0:00:00]} Re1 {[%emt 0:00:00]} 72. Rb2 {[%emt 0:00:00]} Kf6 {[%emt 0:00:30]} 73. Rg2 {[%emt 0:00:00]} Ra1 {[%emt 0:00:00]} 74. Kg4 {[%emt 0:00:00]} Ra4+ {[%emt 0:00:00]} 75. f4 {[%emt 0:00:30]} Ra8 {[%emt 0:00:30]} 1/2-1/2

[Event "Turkish Super League 2019"]
[Site "Konya"]
[Date "2019.07.17"]
[Round "1"]
[White "Atalik, Ekaterina"]
[Black "Maltsevskaya, Aleksandra"]
[Result "0-1"]
[WhiteElo "2459"]
[BlackElo "2294"]
[Annotator "ChessBase"]
[PlyCount "70"]
[EventDate "2019.07.17"]
[EventType "team-tourn"]
[EventCountry "TUR"]
[SourceTitle "playchess.com"]
[Source "ChessBase"]
[SourceQuality "1"]
[TimeControl "40/5400+30:1800+30"]

1. Nf3 Nf6 2. c4 g6 3. b3 Bg7 4. Bb2 O-O 5. g3 d6 6. d4 Nbd7 7. Bg2 e5 8. O-O exd4 9. Nxd4 Nc5 10. Nc3 a5 11. Qc2 c6 12. Rad1 Qb6 13. Ba3 Re8 14. h3 Nh5 15. e3 a4 16. b4 Ne6 17. Nxe6 Bxe6 18. Ne4 Bf5 19. g4 Bxe4 20. Bxe4 Ng3 21. c5 dxc5 22. fxg3 cxb4 23. Bc1 b3 24. axb3 a3 25. Rd7 a2 26. Rfxf7 a1=Q 27. Rxg7+ Qxg7 28. Rxg7+ Kxg7 29. Bb2+ {[%emt 1:40:19]} Kf7 {[%emt 1:30:43]} 30. Qf2+ {[%emt 0:01:23]} Ke7 {[%emt 0:05:21]} 31. Qf4 {[%emt 0:02:54]} Qxb3 {[%emt 0:04:15]} 32. Qc7+ {[%emt 0:00:20]} Ke6 {[%emt 0:00:06]} 33. Bd4 {[%emt 0:00:58]} Qd1+ {[%emt 0:01:51]} 34. Kh2 {[%emt 0:00:30]} Ra2+ {[%emt 0:00:00]} 35. Bg2 {[%emt 0:00:00]} Qf3 {[%emt 0:00:00]} 0-1

[Event "Turkish Super League 2019"]
[Site "Konya"]
[Date "2019.07.17"]
[Round "1"]
[White "Soysal, Serkan"]
[Black "Sevgi, Volkan"]
[Result "1-0"]
[WhiteElo "2431"]
[BlackElo "2302"]
[Annotator "NA"]
[PlyCount "195"]
[EventDate "2019.07.17"]
[EventType "team-tourn"]
[EventCountry "TUR"]
[SourceTitle "playchess.com"]
[Source "ChessBase"]
[SourceQuality "1"]
[TimeControl "40/5400+30:1800+30"]

1. d4 Nf6 2. c4 b6 3. Nf3 Bb7 4. Nc3 g6 5. Bg5 Bg7 6. e3 d6 7. Be2 Nbd7 8. O-O O-O 9. Qc2 h6 10. Bh4 a6 11. Rad1 Qe8 12. Rfe1 Rc8 13. Nd2 c5 14. d5 b5 15. cxb5 axb5 16. e4 b4 17. Na4 Ra8 18. b3 Qd8 19. Nc4 Ba6 20. f4 Bxc4 21. Bxc4 Nh7 22. e5 dxe5 23. d6 g5 24. dxe7 Qxe7 25. fxg5 hxg5 26. Bf2 Rfd8 27. Qf5 Qf6 28. Qe4 Nhf8 29. Be3 {[%emt 1:33:23]} Qe7 {[%emt 1:37:45]} 30. Rf1 {[%emt 0:07:45]} Ne6 {[%emt 0:01:10]} 31. Rxd7 {[%emt 0:02:07]} Qxd7 {[%emt 0:00:06]} 32. Nxc5 {[%emt 0:00:00]} Qe7 {[%emt 0:05:31]} 33. Nxe6 {[%emt 0:01:22]} fxe6 {[%emt 0:00:01]} 34. Qg6 {[%emt 0:02:06]} Rd5 {[%emt 0:00:01]} 35. Bxg5 {[%emt 0:00:05]} Qd7 {[%emt 0:00:20]} 36. Bh6 {[%emt 0:00:33]} Rf8 {[%emt 0:01:20]} 37. Rxf8+ {[%emt 0:00:58]} Kxf8 {[%emt 0:00:30]} 38. Bxd5 {[%emt 0:00:07]} exd5 {[%emt 0:00:06]} 39. Qf6+ {[%emt 0:00:30]} Kg8 {[%emt 0:00:00]} 40. Bxg7 {[%emt 0:00:41]} Qxg7 {[%emt 0:00:00]} 41. Qd8+ {[%emt 0:03:53]} Kh7 {[%emt 0:02:40]} 42. Qxd5 {[%emt 0:02:30]} Qa7+ {[%emt 0:00:30]} 43. Kf1 {[%emt 0:00:30]} Qxa2 {[%emt 0:00:30]} 44. Qe4+ {[%emt 0:02:30]} Kg8 {[%emt 0:01:30]} 45. Qc4+ {[%emt 0:05:26]} Kh7 {[%emt 0:00:30]} 46. Qxb4 {[%emt 0:00:37]} Qb1+ {[%emt 0:01:30]} 47. Ke2 {[%emt 0:00:13]} Qc2+ {[%emt 0:00:30]} 48. Ke3 {[%emt 0:00:12]} Qc1+ {[%emt 0:01:30]} 49. Qd2 {[%emt 0:05:37]} Qg1+ {[%emt 0:02:30]} 50. Ke4 {[%emt 0:00:36]} Qxh2 {[%emt 0:03:30]} 51. Qd7+ {[%emt 0:02:15]} Kg8 {[%emt 0:00:30]} 52. Qg4+ {[%emt 0:01:02]} Kf8 {[%emt 0:05:44]} 53. Kd5 {[%emt 0:00:32]} Qh6 {[%emt 0:09:12]} 54. Qf3+ {[%emt 0:03:45]} Ke7 {[%emt 0:00:53]} 55. Kxe5 {[%emt 0:00:04]} Qd6+ {[%emt 0:01:33]} 56. Kf5 {[%emt 0:00:41]} Qe6+ {[%emt 0:01:58]} 57. Kf4 {[%emt 0:00:01]} Qf7+ {[%emt 0:01:36]} 58. Kg3 {[%emt 0:00:11]} Qg6+ {[%emt 0:00:09]} 59. Kf2 {[%emt 0:00:05]} Qb1 {[%emt 0:00:13]} 60. g4 {[%emt 0:00:43]} Kd8 {[%emt 0:02:53]} 61. Qf8+ {[%emt 0:00:54]} Kc7 {[%emt 0:00:30]} 62. Qe7+ {[%emt 0:00:00]} Kb6 {[%emt 0:00:00]} 63. Qe3+ {[%emt 0:00:00]} Ka6 {[%emt 0:00:45]} 64. Kg3 {[%emt 0:00:57]} Qg6 {[%emt 0:00:54]} 65. Qd4 {[%emt 0:00:20]} Qg5 {[%emt 0:01:04]} 66. Qf4 {[%emt 0:00:48]} Qg7 {[%emt 0:00:17]} 67. Qc4+ {[%emt 0:00:41]} Kb7 {[%emt 0:00:07]} 68. Qd5+ {[%emt 0:00:00]} Ka6 {[%emt 0:00:07]} 69. g5 {[%emt 0:00:28]} Qc3+ {[%emt 0:00:55]} 70. Kg4 {[%emt 0:00:12]} Qe1 {[%emt 0:00:17]} 71. Qc4+ {[%emt 0:03:26]} Ka7 {[%emt 0:00:28]} 72. Kf5 {[%emt 0:01:12]} Qf2+ {[%emt 0:01:23]} 73. Kg6 {[%emt 0:00:10]} Qe3 {[%emt 0:00:33]} 74. b4 {[%emt 0:00:27]} Qd2 {[%emt 0:00:46]} 75. Qc5+ {[%emt 0:01:57]} Ka6 {[%emt 0:00:21]} 76. Qc6+ {[%emt 0:00:55]} Ka7 {[%emt 0:00:04]} 77. Qc5+ {[%emt 0:00:50]} Ka6 {[%emt 0:00:04]} 78. Qe7 {[%emt 0:01:49]} Qd3+ {[%emt 0:02:02]} 79. Kg7 {[%emt 0:00:20]} Qg3 {[%emt 0:00:37]} 80. g6 {[%emt 0:00:24]} Qg4 {[%emt 0:00:13]} 81. Kf7 {[%emt 0:00:56]} Qh5 {[%emt 0:00:01]} 82. Qe4 {[%emt 0:02:08]} Ka7 {[%emt 0:00:32]} 83. Kg8 {[%emt 0:00:34]} Qg5 {[%emt 0:01:48]} 84. g7 {[%emt 0:00:34]} Qf6 {[%emt 0:00:12]} 85. Qe8 {[%emt 0:00:41]} Kb6 {[%emt 0:01:17]} 86. Qb8+ {[%emt 0:00:19]} Ka6 {[%emt 0:00:08]} 87. Qc8+ {[%emt 0:00:24]} Kb6 {[%emt 0:00:16]} 88. Qc5+ {[%emt 0:00:21]} Ka6 {[%emt 0:00:18]} 89. Qa5+ {[%emt 0:00:51]} Kb7 {[%emt 0:00:30]} 90. Qd5+ {[%emt 0:00:04]} Ka6 {[%emt 0:00:12]} 91. Qc4+ {[%emt 0:00:50]} Kb6 {[%emt 0:00:16]} 92. Qc5+ {[%emt 0:00:49]} Ka6 {[%emt 0:00:04]} 93. Kh7 {[%emt 0:00:15]} Qh4+ {[%emt 0:01:47]} 94. Kg6 {[%emt 0:00:01]} Qg4+ {[%emt 0:00:31]} 95. Qg5 {[%emt 0:00:54]} Qe4+ {[%emt 0:00:01]} 96. Qf5 {[%emt 0:00:00]} Qg2+ {[%emt 0:00:18]} 97. Kf6 {[%emt 0:00:23]} Qb2+ {[%emt 0:00:08]} 98. Kf7 {[%emt 0:00:28]} 1-0

[Event "Turkish Super League 2019"]
[Site "Konya"]
[Date "2019.07.17"]
[Round "1"]
[White "Szczepkowska, Karina"]
[Black "Buksa, Nataliya"]
[Result "1/2-1/2"]
[WhiteElo "2425"]
[BlackElo "2379"]
[Annotator "NA"]
[PlyCount "58"]
[EventDate "2019.07.17"]
[EventType "team-tourn"]
[EventCountry "TUR"]
[SourceTitle "playchess.com"]
[Source "ChessBase"]
[SourceQuality "1"]
[TimeControl "40/5400+30:1800+30"]

1. d4 Nf6 2. c4 e6 3. Nf3 d5 4. Nc3 Nbd7 5. cxd5 exd5 6. Bf4 Nb6 7. e3 Bf5 8. Bd3 Bxd3 9. Qxd3 {[%emt 0:22:30]} Bd6 {[%emt 0:20:30]} 10. Bxd6 {[%emt 0:00:30]} Qxd6 {[%emt 0:00:30]} 11. O-O {[%emt 0:00:30]} O-O {[%emt 0:00:30]} 12. Ne5 {[%emt 0:06:30]} c6 {[%emt 0:03:30]} 13. Qf5 {[%emt 0:03:30]} Nbd7 {[%emt 0:22:30]} 14. Nd3 {[%emt 0:04:30]} a5 {[%emt 0:01:30]} 15. Rac1 {[%emt 0:04:30]} Rfe8 {[%emt 0:02:30]} 16. Rc2 {[%emt 0:01:30]} g6 {[%emt 0:15:30]} 17. Qf4 {[%emt 0:03:30]} Qxf4 {[%emt 0:00:30]} 18. Nxf4 {[%emt 0:00:30]} Nb6 {[%emt 0:02:30]} 19. Nd3 {[%emt 0:00:30]} Nfd7 {[%emt 0:00:00]} 20. b3 {[%emt 0:04:30]} Re7 {[%emt 0:04:00]} 21. Rb1 {[%emt 0:01:30]} Kf8 {[%emt 0:03:30]} 22. g3 {[%emt 0:03:30]} Nc8 {[%emt 0:03:30]} 23. Na4 {[%emt 0:02:30]} Nd6 {[%emt 0:00:00]} 24. Nac5 {[%emt 0:03:30]} Nb6 {[%emt 0:01:07]} 25. Nb2 {[%emt 0:02:30]} Nb5 {[%emt 0:01:55]} 26. Rbc1 {[%emt 0:00:30]} Na3 {[%emt 0:00:38]} 27. Re2 {[%emt 0:01:30]} Nb5 {[%emt 0:00:03]} 28. Rec2 {[%emt 0:02:30]} Na3 {[%emt 0:00:24]} 29. Re2 {[%emt 0:02:30]} Nb5 {[%emt 0:01:38]} 1/2-1/2